000 00619nam a2200193 u 4500
001 000579314
003 AM-YeHGA
005 20250617141133.0
008 080430s1973 ||| r 000 0 rus d
040 _aAM-YeHGA
041 0 _arus
100 1 _aШкавро, Леонид Григорьевич.
245 1 0 _aЗеленоглавая держава :
_bКнига стихов /
_cЛеонид Шкавро.
260 _aМосква :
_bСовременник,
_c1973.
300 _a103 с.
440 0 _aНовинки "Современника"
653 0 _aРусская поэзия
090 _c234513
999 _c232956
_d232956